| 000 | 00846nam a2200277Ia 4500 | ||
|---|---|---|---|
| 003 | OSt | ||
| 005 | 20221007121906.0 | ||
| 006 | a|||||r|||| 00| 0 | ||
| 007 | ta | ||
| 008 | 221006b |||||||| |||| 00| 0 eng d | ||
| 024 | _a2114 | ||
| 037 | _cAnnuals, Advances | ||
| 040 |
_aBDL _cBDL _beng |
||
| 041 |
_2eng _aeng |
||
| 082 | _aG:550gFG, N7 Carb | ||
| 100 | _aAgarwal Anil Ed. | ||
| 245 | 0 | _aHomicide by pesticides: what pollution does to our bodies | |
| 260 |
_aNew _bDelhi Centre for Science and Environment _c1997 |
||
| 300 |
_av, 128p. _ccm. |
||
| 490 | _aState of the environment series | ||
| 500 | _aBibliographical references 124-128p. | ||
| 650 | _a Pollution | ||
| 650 |
_aPesticide _9713100 |
||
| 942 |
_hG:550gFG, N7 Carb _cREF _2CC |
||
| 999 |
_c1209503 _d1209503 |
||